| 000 | 00626nam a2200193Ia 4500 | ||
|---|---|---|---|
| 008 | 151121s9999||||xx |||||||||||||| ||und|| | ||
| 082 | _a813/जोशी | ||
| 082 | _bHNW-116687 | ||
| 100 | _aजोशी प्रकाश | ||
| 245 | _aद डार्कर साइड | ||
| 260 | _b"मेहता पब्लिशिंग हाऊस, पुणे।" | ||
| 260 | _c2013 | ||
| 300 | _a434 | ||
| 600 | _aजोशी प्रकाश | ||
| 630 | _aद डार्कर साइड | ||
| 700 | _aजोशी प्रकाश | ||
| 730 | _aद डार्कर साइड | ||
| 942 | _cBOOK | ||
| 999 |
_c1265291 _d1265288 |
||